Social perception : The development of interspersions (Record no. 1454378)

MARC details
000 -LEADER
fixed length control field 00581nam a2200205Ia 4500
005 - DATE AND TIME OF LATEST TRANSACTION
control field 20250923145704.0
008 - FIXED-LENGTH DATA ELEMENTS--GENERAL INFORMATION
fixed length control field 008 250917s9999 xx 000 0 eng d
037 ## - SOURCE OF ACQUISITION
Stock number Textual
040 ## - CATALOGING SOURCE
Original cataloging agency DSWL
Language of cataloging eng
Transcribing agency DSWL
041 ## - LANGUAGE CODE
Language code of text/sound track or separate title eng
Source of code eng
084 ## - COLON CLASSIFICATION NUMBER
Classification number S8, N68
Assigning agency DSWL
245 #0 - TITLE STATEMENT
Title Social perception : The development of interspersions
Statement of responsibility, etc. Ed. by H.Toch
260 ## - PUBLICATION, DISTRIBUTION, ETC.
Place of publication, distribution, etc. New Delhi
Name of publisher, distributor, etc. Jersey D.Van Nostrand
Date of publication, distribution, etc. 1968
300 ## - PHYSICAL DESCRIPTION
Extent x,245 p.
365 ## - TRADE PRICE
Price type code USD
Price amount 2.45
700 ## - ADDED ENTRY--PERSONAL NAME
Personal name H.C. Smith
9 (RLIN) 837962
925 ## -
-- 2.45
942 ## - ADDED ENTRY ELEMENTS (KOHA)
Koha item type Textual
Classification part S8, N68
Holdings
Withdrawn status Lost status Damaged status Not for loan Home library Current library Date acquired Source of acquisition Inventory number Total Checkouts Full call number Barcode Date last seen Price effective from Koha item type
        Department of Social Work Library Department of Social Work Library 2025-09-23 S.Chand 3161 25/02/1985   S8, N68 SW0022050 2025-09-23 2025-09-23 Textual
Copyright @ Delhi University Library System